000 00970cam a22001694a 4500
005 20250605163700.0
008 250528s ||||||||||||||||||||||||d
035 _a24224
040 _aGR-AtMCL
_bgre
_dGR-AtMCL
_eAACR2
245 1 _aΗ Ευρώπη και ο Προϋπολογισμός της: Πώς Χρησιμοποιούνται τα Χρήματα σας
260 _bΔιοικητική Μονάδα 'Εκδόσεις'
_bΥπηρεσία Επίσημων Εκδόσεων Των Ευρωπαϊκών,
_c1996
300 _a12
520 _aΟι Γεωργικές Δαπάνες, Οι Διαρθρωτικές και Περιφερειακές και Κοινωνικές Ενέργειες, Οι Δαπάνες για την Έρευνα, Η Διαδικασία Λήψης Αποφάσεων, Ο Έλεγχος των Δαπανών, Η Καταπολέμηση της Απάτης.
942 _cCR
999 _c9117
_d9117